Normal view
MARC view
- Pakistan, Relations, China
Entry Topical Term
001 - CONTROL NUMBER
- control field: 132158
003 - CONTROL NUMBER IDENTIFIER
- control field: NUST
005 - DATE AND TIME OF LATEST TRANSACTION
- control field: 20251129105141.0
008 - FIXED-LENGTH DATA ELEMENTS
- fixed length control field: 251129|| aca||aabn | a|a d
040 ## - CATALOGING SOURCE
- Original cataloging agency: NUST
- Transcribing agency: NUST
150 ## - HEADING--TOPICAL TERM
- Topical term or geographic name entry element: Pakistan, Relations, China
670 ## - SOURCE DATA FOUND
- Source citation: Work cat.: (NUST): Ali, 132157, Inheritance of Sino-Pak Friendship: the journey of Ali, a young man from Pakistan to the East/, -
